| 000 | nam a22 7a 4500 | ||
|---|---|---|---|
| 999 |
_c3145 _d3145 |
||
| 005 | 20170519153315.0 | ||
| 008 | 170519b my ||||| |||| 00| 0 eng d | ||
| 020 | _a9791865089927 | ||
| 040 | _aAKMAL | ||
| 082 | _a658.402 BUR | ||
| 090 |
_a658.402 _bBUR |
||
| 100 |
_aRobert Burns _96498 |
||
| 245 |
_aMaking Delegation Happen : _bA simple and effective guide to implementing Successful delegation / _cRobert Burns |
||
| 260 |
_aKuala Lumpur: _bAllen & Unwin, |
||
| 300 |
_a112p _ccm |
||
| 500 | _aIncludes index | ||
| 942 |
_2ddc _cBOOK |
||